[Event "Turnier 40 / 120"]
[Site "Wien"]
[Date "2021.11.23"]
[Round "16"]
[White "Mephisto Berlin 68000 - 12 MHZ"]
[Black "Novag Diamond H8 - 26,6 MHZ"]
[Result "0-1"]
[BlackElo "2113"]
[WhiteElo "2139"]

1. d4 c5 2. dxc5 e6 3. Nc3 Bxc5 4. Ne4 Nf6 5. Nxc5 Qa5+ 6. Qd2 Qxc5
{Buchende} 7. Qg5 Qxg5 8. Bxg5 {Buchende} Ne4 9. Nf3 Nxg5 10. Nxg5 d5 {die
Stellung ist im Lot.} 11. e3 Nd7 12. c4 dxc4 13. Bxc4 Ne5 14. Bb5+ Bd7 15.
Bxd7+ Kxd7 16. O-O {ist keine Katastrophe dieser Zug, aber mir hätte der
König auf e2 deutlich besser gefallen.} Ke7 17. Rac1 Rac8 18. b3 f5 19. h3
h6 20. Nf3 Nxf3+ 21. gxf3 Rhd8 22. Rfe1 Rxc1 23. Rxc1 Rd2 24. Rc7+ Rd7 25.
Rxd7+? {ein ganz schlechter Zug, das Bauernendspiel ist verloren für Weiss,
Stockfish +2,70 für Schwarz, nach Tc8 ist die Stellung exakt im Lot.} Kxd7
26. f4 Kc6 27. Kg2 {deutlich mehr Widerstand bot noch h4, der Textzug
verliert sofort, Stockfish +7,00 für Schwarz mit der Fortsetzung Kb5.} Kb5
28. Kf3 Kb4 29. Ke2 Ka3 30. Kd3 Kxa2 31. Kc4 g6 32. Kc3 Ka3 33. Kc4 Kb2 34.
f3 Kc2 35. e4 Kd2? {dieser Zug bringt den sicher geglaubten Sieg noch in
Gefahr und ist um ganze 7 Bauerneinheiten !! schlechter als fxe4, Stockfish
+2,50 für Schwarz mit der Fortsetzung e5.} 36. e5 b6 37. Kb5 Kc3? {und nun
vergurkt der Novag Diamond endgültig dieses zu 100 % gewonnene Endspiel,
Stockfish 0,00 mit der Fortsetzung Kc6.} 38. Kc6 Kxb3 39. Kd6 a5 40. Kxe6
a4 41. Kf7 a3 42. e6 a2 43. e7 a1=Q 44. e8=Q Qg1 45. Kg7 Kc4 46. Kxh6 b5
47. Qc6+ Qc5 48. Qxg6 {nicht ideal bringt das Remis in Gefahr, Stockfish
+1,00 für Schwarz mit der Fortsetzung b4, besser war De6+ und die Partie
ist Remis.} b4 49. Qf6? {eine weitere Ungenauigkeit, die Weiss schon auf
die Verliererstrasse bringt, Stockfish +2,50 für Schwarz mit der
Fortsetzung b3, nötig war De6+ mit leichtem Vorteil für Schwarz.} b3 50.
Kg5 Kd3 51. Qa1 Kc2 52. Qa4 Kc3 53. Qa1+ b2 54. Qe1+ Kb3 55. Qe6+ Ka3 56.
Qe1 Qc2 57. Qa5+ Kb3 58. Qb5+ Kc3 59. Qa5+ Kc4 60. Qa6+ Kd4 61. Qb6+ Kd3
62. Kxf5 b1=Q {Stockfish Matt in 13} 63. Qe6 Qe2 64. Qd7+ Ke3+ 65. Kg5 Qg2+
66. Qg4 Qbb2 67. Qxg2 Qxg2+ {Rest geschenkt} 0-1
[/pgn]
[pgn]

[Event "Turnier 40 / 120"]
[Site "Wien"]
[Date "2021.11.24"]
[Round "17"]
[White "Novag Diamond H8 - 26,6 MHZ"]
[Black "Mephisto Berlin 68000 - 12 MHZ"]
[Result "0-1"]
[BlackElo "2139"]
[WhiteElo "2113"]

1. d4 c6 2. e4 d5 3. exd5 cxd5 4. c4 Nf6 5. Nc3 e6 6. Nf3 Be7 7. cxd5 Nxd5
8. Bd3 {Buchende} O-O {Buchende} 9. Ne5 {Buchbewertung Novag Diamond:
-0,03} Nc6 {Buchbewertung Mephisto Berlin: +0,12 / lt. Stockfish ist die
Stellung etwa gleich.} 10. Nxc6 bxc6 11. O-O Bb7 12. Qg4 Nf6 13. Qh4?
{deutlich besser ist Dg3, nach dem Textzug ist Schwarz klar im Vorteil mit
+1,50 lt. Stockfish mit der Fortsetzung c5.} c5 14. Bg5 h6 15. Bxh6? {das
ist nicht korrekt und verliert die Partie sofort, Stockfish +2,70 für
Schwarz mit der Fortsetzung Dxd4, viel besser ist Se4.} Qxd4 16. Qg3 Nh5
17. Qc7 Bxg2 18. Qxe7? {der nächste wahre Megabock, der nochmal um 5
Bauerneinheiten schlechter ist als Kxg2, damit ist die endgültig verloren,
Stockfish +8,50 für Schwarz mit der Fortsetzung gxh6.} gxh6 19. Rfd1 Qg4
20. Be2 Bf3+ 21. Kf1 Nf4 22. Bxf3 Qxf3 23. Ke1 Rab8 24. Rab1 Ng2+ 25. Kd2
{Novag Diamond -8,61 ----> Aufgabe ! (Stockfish Matt in 12).} 0-1
[/pgn]
[pgn]

[Event "Turnier 40 / 120"]
[Site "Wien"]
[Date "2021.11.24"]
[Round "18"]
[White "Mephisto Berlin 68000 - 12 MHZ"]
[Black "Novag Diamond H8 - 26,6 MHZ"]
[Result "1-0"]
[BlackElo "2113"]
[WhiteElo "2139"]

1. d4 Nf6 2. c4 e6 3. Nf3 b6 4. a3 Bb7 5. Nc3 d5 6. cxd5 Nxd5 7. Qc2 Nxc3
8. bxc3 {Buchende} Qd5 9. e3 {Buchbewertung Mephisto Berlin: +0,24} Nd7 10.
Bd3 Nf6? {Buchende, hier ist im Buch ein schlechter Zug gespeichert, nach
dem Textzug ist Weiss schon fast spielentscheidend im Vorteil lt. Stockfish
mit +1,80 mit der Fortsetzung 0-0, nötig war c5 mit geringem Vorteil für
Weiss.} 11. c4 {nahezu gleichwertig mit 0-0, Weiss ist ganz klar im Vorteil
mit +1,50.} Qh5 {Buchbewertung Novag Diamond: +0,03, schätzt diese Stellung
völlig falsch ein.} 12. Qa4+ Ke7? {also diesen grauenhaften Zug weigere ich
mich zu kommentieren, da würde ich wieder ausfällig werden, damit ist
natürlich alles aus für Schwarz, Stockfish +4,50 für Weiss mit der
Fortsetzung Se5, alle anderen Optionen wären ausnahmelos besser gewesen
sowohl Kd8, Sd7 oder c6, der schlechtest mögliche Zug !} 13. Qd1? {Mephisto
Berlin macht es auch nicht besser, dieser Zug ist um nichts besser als
jener des Diamond und verspielt nahezu den gesamten Vorteil, Stockfish nur
noch +0,50 für Weiss mit der Fortstzung g5.} Rd8 14. Be2 Ne4 15. O-O? {ein
schwacher Zug, damit ist der gesamte weisse Vorteil dahin, der mit Da4 noch
zu haben war.} Nc3 16. Qc2 Nxe2+ 17. Qxe2 c5 18. dxc5 Ke8 19. cxb6 Bd6 20.
h3 axb6 {ein schwacher Zug, der Weiss klaren Vorteil bringt, Stockfish
+2,00 mit der Fortsetzung e4, weit besser war Lxf3 mit geringem Vorteil für
Weiss.} 21. Bb2? {auch nicht besser, Stockfish wieder +0,50 für Weiss mit
der Fortsetzung Lxf3.} Bc6? {der nächste schwache Zug bringt wieder Weiss
klar in Vorteil, Stockfish +1,70 mit der Fortsetzung Ld4.} 22. Nd4 {auch
der Mephisto Berlin hat nicht den nötigen Überblick, nach diesem Zug ist
Weiss nur noch knapp im Vorteil mit +0,50} Qxe2 23. Nxe2 Kf8? {ein
schwacher Zug, der wieder Weiss klar in Vorteil bringt, Stockfish +1,50 mit
der Fortsetzung Ld4, weit besser war Ke7 mit geringem Vorteil für Weiss.}
24. Bd4 Bc7 {besser ist b5} 25. Rab1 Rb8 26. c5 bxc5 27. Bxc5+ Kg8? {der
Novag Diamond ist völlig orientierungslos mit seinem König, was bitte ist
das für ein Zug, dafür habe ich keine Worte mehr, damit ist natürlich
endgültig alles vorbei, Stockfish +5,50 für Weiss mit der Fortsetzung
Txb8+, selbstverständlich wäre natürlich Ke8 gewesen.} 28. Rxb8+ Bxb8 29.
Rb1 Bc7 30. Be7 Be5 31. f4 {Ich erspare dem Diamond hier die Hinrichtung,
Userentscheid nach dieser Katastrophenpartie. 1-0} 1-0
[/pgn]
[pgn]

[Event "Turnier 40 / 120"]
[Site "Wien"]
[Date "2021.11.25"]
[Round "19"]
[White "Novag Diamond H8 - 26,6 MHZ"]
[Black "Mephisto Berlin 68000 - 12 MHZ"]
[Result "1/2-1/2"]
[BlackElo "2139"]
[WhiteElo "2113"]

1. e4 c5 2. Nf3 d6 3. d4 cxd4 4. Nxd4 Nf6 5. Nc3 Nc6 6. Bg5 e6 7. Qd2 Be7
8. O-O-O O-O 9. Nb3 Qb6 10. f3 Rd8 {Buchende} 11. Be3 Qc7 {Buchbewertung
Mephisto Berlin: -0,48} 12. Qf2 d5 13. exd5 Nxd5 14. Nxd5 {Buchende} exd5
15. Bd3 {Buchbewertung Novag Diamond: -0,15 / lt. Stockfish ist die
Stellung etwa gleich.} Nb4 16. Bxa7? {deutlich besser ist Kb1} Qf4+ 17. Be3
Nxa2+ 18. Kb1? {und wie in der vorigen Partie hat der Novag Diamond das
Problem mit dem richtigen Königszug, der Textzug verliert bereits die
Partie, Stockfish +4,00 für Schwarz mit der Fortsetzung Da4, nach Kd2 steht
Schwarz nur unwesentlich besser, Mephisto Berlin hätte den gleichen Fehler
gemacht, hilft aber natürlich dem Diamond auch nicht.} Qa4 19. Bc5 Bg5
{deutlich besser ist Lxc5 (das bewertet Stockfish bereits mit +5,00 für
Schwarz), aber auch nach dem Textzug steht Schwarz ganz klar auf Gewinn mit
+3,30.} 20. f4 {Novag Diamond hat keine Ahnung von dieser Stellung und
sieht hier noch keine Bedrohung, Berwertung nur -0,42} Bxf4 {Mephisto
Berlin +1,84 sieht bereits den Gewinn.} 21. Ba3 {jetzt erkennt es auch der
Diamond: -2,53, die Partie ist gelaufen.} Nc3+ 22. bxc3 Bh6? {um 2,50
Bauerneinheiten !! schwächer als Le6, danach hätte Weiss schon aufgeben
können, Stockfish +1,30 für Schwarz mit der Fortsetzung Dc5.} 23. Qc5 Qxa3
24. Qxa3 Rxa3 25. Be4 {besser ist Kb2, nach dem Textzug ist Schwarz mit
+2,00 im Vorteil mit der Fortsetzung Le6.} Bg5? {der nächste schwache Zug,
damit verspielt Schwarz nahezu den gesamten Vorteil, Stockfish nur noch
+0,20 für Schwarz mit der Fortsetzung Txd5, nötig war Le6 mit klarem
Vorteil für Schwarz.} 26. Rxd5 h6 27. Re1 Re8 28. Bh7+ Kf8 29. Rxe8+ Kxe8
30. Kb2 Ra7 31. Be4 Bd7 32. Nd4 Ra6 {die Stellung ist im Lot.} 33. c4 Bf6
34. c3 Rb6+ 35. Kc2 Ba4+ 36. Kd2 Bg5+ 37. Kd3 Rb2 38. c5 Bf4 39. Nf5 Bd1
40. Kd4 Be2 41. c4 Rb4 42. Bd3 Bxd3 43. Kxd3 g6 44. Nd6+ Kf8 45. g3 Bg5 46.
h4 Bf6 47. Ke4 Ke7 48. Nc8+ Ke8 49. Nd6+ Ke7 50. Nc8+ Kf8 51. Nd6 Bb2 52.
g4 Ke7 53. Nc8+ Ke8 54. Nd6+ Ke7 55. Nc8+ Ke8 56. Nd6+ Ke7
{Stellungswiederholung} 1/2-1/2
[/pgn]
[pgn]

[Event "Turnier 40 / 120"]
[Site "Wien"]
[Date "2021.11.26"]
[Round "20"]
[White "Mephisto Berlin 68000 - 12 MHZ"]
[Black "Novag Diamond H8 - 26,6 MHZ"]
[Result "0-1"]
[BlackElo "2113"]
[WhiteElo "2139"]

1. c4 c5 2. Nf3 Nf6 3. Nc3 d5 4. cxd5 Nxd5 5. e3 Nxc3 6. bxc3 g6 7. Bb5+
Nd7 8. O-O Bg7 {Buchende} 9. a4 O-O {Buchbewertung Novag Diamond: -0,26}
10. d4 {Buchende} Nf6 11. Bc4 {Buchbewertung Mephisto Berlin: +0,18 / lt.
Stockfish ist die Stellung exakt ausgeglichen 0,00} Bf5 12. Qb3 Qb6 13.
Qxb6 axb6 14. Bb2 Ne4 15. Rfd1 {besser ist Te1, nach dem Textzug ist
Schwarz mit Sd6 mit +1,50 im Vorteil.} Rfc8 16. Bd3 c4 {ein schwacher Zug,
der den Vorteil verspielt, immer noch war Sd6 die bessere Alternative mit
klarem Vorteil für Schwarz, nach dem Textzug ist die Stellung im Lot.} 17.
Bb1 Nd6 18. Bxf5 Nxf5 19. e4 Nd6 20. e5 Ne8 21. h3 e6 22. Nd2 Ra5 23. Rdb1
Rc6 24. Ne4 f5 25. Ng5? {deutlich besser ist exf6 und die Stellung ist im
Lot, nach dem Textzug ist Schwarz im Vorteil mit +1,20 mit der Fortsetzung
Sc7.} Nc7 26. Bc1 {deutlich besser ist Kf1, nach dem Textzug ist Schwarz
bereits mit +2,30 im Vorteil mit der Fortsetzung Sd5.} h6 {deutlich
schwächer als Sd5, Schwarz ist nur noch knapp im Vorteil mit +0,60.} 27.
Nf3 Nd5 28. Bd2 Rc8 29. Rb5 {ein schwacher Zug, der Schwarz wieder klaren
Vorteil bringt, Stockfish +2,00 mit der Fortsetzung Tca8, deutlich besser
war Se1 mit geringem Vorteil für Schwarz.} Rca8 30. Rxa5 {die nächste
Ungenauigkeit, deutlich besser war Tab1, Stockfish +3,30 für Schwarz mit
der Fortsetzung Txa5} Rxa5 31. g4 {immer noch war Tab1 die deutlich bessere
Wahl, Stockfish bereits +5,00 für Schwarz mit der Fortsetzung b5.} b5 32.
gxf5 gxf5 33. Kh2 bxa4 34. h4 Kf7 35. Ra2 Kg6 36. Kg3 f4+ 37. Kg4 h5+ 38.
Kh3 Kf5 39. Ng5 Ra6 40. f3 a3 41. Nf7 Bf8 42. Be1 Kg6 43. Ng5 Be7 44. Ne4
Rb6 {diese Stellung ist natürlich schon hoffnungslos für Weiss, Stockfish
+9,00 für Schwarz.} 45. Ra1 Rb2 46. Bd2 a2 47. Rg1+ Kf7 48. Ra1 Ne3 49.
Bxe3 fxe3 50. Ng3 e2 51. Nxe2 Rxe2 {Rest geschenkt.} 0-1
[/pgn]
[pgn]

[Event "Turnier 40 / 120"]
[Site "Wien"]
[Date "2021.11.28"]
[Round "21"]
[White "Novag Diamond H8 - 26,6 MHZ"]
[Black "Mephisto Berlin 68000 - 12 MHZ"]
[Result "0-1"]
[BlackElo "2139"]
[WhiteElo "2113"]

1. b4 d5 2. Bb2 {Buchende} Qd6 {Buchende} 3. c3 {Buchbewertung Novag
Diamond: -0,15 / lt. Stockfish steht Schwarz etwas besser mit ca. +0,50
(besser wäre a3 mit exaktem Gleichstand gewesen).} a5 {Buchbewertung
Mephisto Berlin: +0,33, bessere war e5, die Stellung ist im Lot.} 4. Qa4+
Bd7 5. b5 Bf5 6. Nf3 Nf6 7. Ba3 Qb6 8. Qd4 Nbd7 9. d3? {was soll das stellt
einfach einen Bauern ein und bringt rein gar nichts für Weiss, lt.
Stockfish ein ganz schlechter Zug, der hier Schwarz bereits mit +2,00 im
Vorteil einfach mit Dxb5, warum auch das Geschenk ablehnen ? Ein völlig
unverständlicher Zug.} Qxb5 10. Qf4 {nochmal deutlich schwächer als De3,
nach diesem Zug ist die Partie bereits verloren für Weiss, Stockfish +3,00
für Schwarz mit der Fortsetzung e5 und Weiss kann aufgeben.} e5 11. Qxf5?
{und nochmals deutlich schlechter als Dd2, Stockfish +4,40 für Weiss, den
Rest könnte man sich hier schon schenken.} Bxa3 12. Nxa3 Qb2 13. Rb1 Qxc3+
14. Kd1? {also in dieser Partie steht der Novag Diamond völlig neben sich,
selbst bei nur 2 Zugmöglichkeiten wird noch die um 2,50 Bauerneinheiten
schlechtere Möglichkeit gewählt, Stockfish bereits +7,30 für Schwarz,
natürlich verliert auch Sd2, leistet aber bedeutend mehr Widerstand.} Qxa3
15. Nxe5 Qxa2 16. Rc1 {kaputte Rochade und 2 Minusbauern, 2 geschlossene
Freibauern am Damenflügel, den Rest kann man sich getrost schenken, ein
Debakel für den Aussenseiter, der hier fast ausschliesslich
Katastrophenzüge liefert, nach 16 Zügen daher Userentscheid: 0-1} 0-1
[/pgn]
[pgn]

[Event "Turnier 40 / 120"]
[Site "Wien"]
[Date "2021.11.28"]
[Round "22"]
[White "Mephisto Berlin 68000 - 12 MHZ"]
[Black "Novag Diamond H8 - 26,6 MHZ"]
[Result "0-1"]
[BlackElo "2113"]
[WhiteElo "2139"]

1. e4 c6 2. d4 d5 3. exd5 cxd5 4. c4 Nf6 5. Nc3 e6 6. Nf3 Be7 7. Bg5
{Buchende} O-O {Buchende} 8. Bd3 {Buchbewertung Mephisto Berlin: +0,15}
dxc4 {Buchbewertung Novag Diamond: +0,30 / lt. Stockfish ist die Stellung
etwa gleich.} 9. Bxc4 Nc6 10. O-O Qb6 11. Qd2 Rd8 12. Rad1 Bd7 13. b3 Rac8
14. Rfe1 Qa5 15. a4 h6 16. Bf4? {ein ganz schwacher Zug, der die Partie
eigentlich zumindest nach Stockfish schon verliert, Stockfish +2,60 für
Schwarz mit der Fortsetzung Lb4.} Bb4 17. Rc1 {Mephisto Berlin sieht hier
noch keinen Nachteil: -0,06} Ne7 {Novag Diamond +1,38} 18. Qd3? {Mephisto
Berlin -1,09 sieht auch den klaren Nachteil, nach diesem Zug ist Weiss
endgültig verloren, Stockfish +4,00 für Schwarz mit der Fortsetzung Lxc3,
lt. Analyse von Stockfish hätte hier einzig Lxh6 ! noch Gegenspiel für
Weiss geboten, das liegt aber verständlicherweise weit Ausserhalb der
Reichweite eines wahrscheinlich jeden Oldies.} Bxc3 19. Rxc3 Ned5 20. Bd2
Nxc3 21. Bxc3 Qc7 {besser ist Df5, aber auch nach dem Textzug steht Schwarz
klar auf Gewinn mit +3,30 lt. Stockfish.} 22. Ne5 Nd5 23. Qf3 {deutlich
besser ist Ld2} Be8 24. Bb2 Qa5 25. Re2 Rc7 26. Qg3 Rdc8 27. h3 b5 28. axb5
Bxb5 29. Qf3 Nb6 30. Bxb5 {deutlich mehr Widerstand bot d5, verliert aber
auch schon.} Qxb5 31. Ba3 Qd5 32. Re4 f5 33. Rf4 g5 34. Qxd5 Nxd5 35. Rf3
Rc3 36. Bc5 Rxf3 37. Nxf3 a6 {Novag Diamond +2,03, obwohl hier Schwarz
"nur" die Qualität mehr hat sieht Stockfish die Partie schon ganz klar
verloren für Weiss mit -6,50.} 38. Kh2 Kg7 39. g4 Rb8 40. Nd2 Kg6 41. Bd6
Rb6 42. Bc5 Rb5 43. gxf5+ Kxf5 44. Bf8 h5 45. Bc5 Ra5 46. Nc4 Ra1 47. Nd6+
Kf4 48. Nb7 Ra2 {warum hier nicht Kf3 verwundert etwas, der Bauer F2 wäre
ja nicht mehr zu decken, spielt aber keine Rolle mehr.} 49. Kg2 Ne3+ 50.
Kg1 Ra1+ 51. Kh2 Nf5 52. Nd8 Re1 53. Nc6 Nh4 54. Ne5 Rf1 55. f3 Rd1 56. Bd6
Nxf3+ 57. Nxf3+ {übersieht ein Matt in 11, besser eindeutig Kg2 aber das
ist eher als Scherz gedacht, ein Matt in 11 übersteigt natürlich
hoffnungslos die Möglichkeiten beider Kontrahenten.} Kxf3 58. d5 exd5 {Rest
geschenkt} 0-1
[/pgn]
[pgn]

[Event "Turnier 40 / 120"]
[Site "Wien"]
[Date "2021.11.29"]
[Round "23"]
[White "Novag Diamond H8 - 26,6 MHZ"]
[Black "Mephisto Berlin 68000 - 12 MHZ"]
[Result "1-0"]
[BlackElo "2139"]
[WhiteElo "2113"]

1. e4 c5 2. Nf3 e6 3. d4 cxd4 4. Nxd4 a6 5. Nc3 Qc7 6. Bd3 Nc6 7. Nxc6 bxc6
8. O-O Nf6 9. Qe2 d5 10. Bg5 Bb7 {Buchende} 11. f4 {Buchende} Qb6+
{Buchbewertung Mephisto Berlin +0,33, lt. Analyse von Stockfish ist aber
gleich der 1. Zug nach Buchende ein klarer Verlustzug, Stockfish +1,70 für
Weiss mit der Fortsetzung Kh1, nötig war Le7 mit Ausgleich (diesen Zug
hatte übrigens der Novag Diamond noch im Buch gespeichert).} 12. Kh1
{Buchbewertung Novag Diamond: -0,11, an dieser Stelle passiert etwas was
ich noch nie erlebt habe, so lange ich Schachcomputer bediene, der Novag
Diamond nimmt sich für diesen selbstverständlichen Zug sage und schreibe 44
Minuten Zeit !!! und sieht auch dann keinen Vorteil.} Nxe4? {der nächste
ganz schlechte Zug vom Mephisto Berlin, der die Partie bereits klar
verliert, Stockfish +4,70 für Weiss mit der Fortsetzung Sxe4.} 13. Nxe4
dxe4 14. Qxe4? {deutlich schwächer als Lxe4, nach dem Textzug ist Weiss nur
noch mit +1,50 im Vorteil mit der Fortsetzung c5.} h6 {Mephisto Berlin
+0,24 sieht sich hier sogar leicht im Vorteil, Stockfish +1,60 für Weiss.}
15. Bh4 c5 16. Qe5 Qc6 17. Rf2 c4 18. Be2 Rc8? {also mit dieser Partie ist
der Favorit hoffnungslos überfordert, Stockfish +5,70 für Weiss mit der
Fortsetzung Lf3, nötig war Dc5 und Weiss steht nur knapp besser (der
Textzug ist um ganze 5 Bauerneinheiten !! schlechter).} 19. Rd1? {doch der
Novag Diamond macht es nicht besser, auch dieser Zug ist um ganze 5
Bauerneinheiten !! schlechter als Lf3, Stockfish +0,80 für Weiss mit der
Fortsetzung Dc5.} Qc5 20. Bh5 Qxe5 21. fxe5 g6 22. Rfd2 Bd5 23. Bf6 Rg8
{diesen logisch aussehenden Zug hätten wahrscheinlich sehr viele andere
Oldies auch gemacht, in Wahrheit ist es aber der nächste spielentscheidende
Fehler, Stockfish +4,00 für Weiss mit der Fortstzung Lf3, die beste
Fortsetzung war hier zugegeben sehr viel verlangt, denn sie bestand in
gxh5, danach steht Weiss nur unwesentlich besser, es geht allerdings sofort
die Qualität verloren, daher wurde dieser Zug wahrscheinlich gar nicht in
Erwegung gezogen, das wäre eine echte Prüfstellung für andere Oldies, würde
mich direkt interessieren, welches Gerät den Zug gxh5 findet, ist alles
andere als leicht.} 24. Bf3 Bg7 25. Bxd5 exd5 26. Rxd5 Bxf6 27. exf6 {diese
Stellung ist klarerweise schon hoffnungslos für Schwarz, Stockfish +8,00
für Weiss.} g5 28. Re5+ Kf8 29. Rc5 Rb8 30. Rxc4 Rg6 31. Rc6 Kg8 32. b3 a5
33. Rd7 g4 34. c4 Rg5 35. c5? {ein Megabock, der um ganze 4 Bauerneinheiten
!! schlechter ist als Kg1 und den Sieg ernsthaft in Gefahr bringt,
Stockfish nur noch +0,70 für Weiss mit der Fortsetzung a4.} Rf5? {der
Mephisto Berlin kann die Chance nicht ergreifen, nach dem Textzug ist Weiss
wieder klar im Vorteil mit +2,80 mit der Fortsetzung Kg1.} 36. Kg1 Re8 37.
Re7 Rd8 38. Rd6 Rc8 39. Re4? {deutlich schwächer als c6, Stockfish noch
+2,00 für Weiss.} Rfxc5? {deutlich schwächer als Tcxc5, Stockfish +4,00 für
Weiss mit der Fortsetzung Txg4+.} 40. Rxg4+ Kf8? {auch hier bietet Kh8 noch
mehr Widerstand, Stockfish +6,00 für Weiss.} 41. Rc4? {um 3 Bauerneinheiten
!! schwächer als h3, Stockfish +3,00 für Weiss.} Rxc4 42. bxc4 Kg8 43. Rd4
Rc6 44. Rg4+ Kh8 45. Rf4 Kh7 46. Kf2 Kg6 47. Ke3 h5 48. a4 Re6+ 49. Kd3
{inzwischen ist der weisse Vorteil längst Partieentscheidend, Stockfish
+9,00.} Rb6 50. c5 Rb7 51. g3 Rb3+ 52. Kc4 Rb4+ 53. Kd5 Rb1 54. c6 Rc1 55.
Rc4 {Rest geschenkt.} 1-0
[/pgn]
[pgn]